Noda

Bibliographic Details
Main Author: RADZI Sayed
Format: Book
Published: Petaling Jaya : Ar Comunications , 1994
Subjects:

MARC

LEADER 00000cam a2200000 7i4500
001 0000001922
002 000002087
005 20000330.0
020 |a 9839874292 
090 0 0 |a F   |b RAD 
100 0 |a RADZI Sayed 
245 1 0 |a Noda   |c Radzi Sayed 
260 |a Petaling Jaya :   |b Ar Comunications ,   |c 1994 
300 |a 246p. :   |b ill ;   |c 18cm. 
650 0 0 |a Romance fiction 
999 |a 035037   |b BUKU   |c FICTION   |e PERPUSTAKAAN KOMUNITI PETALING JAYA 
999 |a 035038   |b BUKU   |c FICTION   |e PERPUSTAKAAN KOMUNITI PETALING JAYA